Sports Quiz

Random Sports Quiz

Mid-South Mississippi Champions Quiz Stats

 Plays Quiz not verified by Sporcle

Challenge
Share
Tweet
Embed
Score 0/14 Timer 07:00
0 Plays Today
Year(s) held Champion % Correct
1980Junkyard Dog
84.8%
1979Mike George
56.1%
1979-80Mike George
56.1%
1981-82Cowboy Bob Orton, Jr.
47%
1982Mr. Olympia
47%
1982Mr. Olympia
47%
1982Mr. Wrestling II
47%
Year(s) held Champion % Correct
1980Grappler
45.5%
1981Grappler
45.5%
1979Iron Mike Sharpe
36.4%
1980-81Killer Karl Kox
31.8%
1981Don Diamond
30.3%
1982Killer Khan
24.2%
1980Bull Ramos
15.2%

You're not logged in!

Compare scores with friends on all Sporcle quizzes.
Join for Free
OR
Log In

You Might Also Like...

Show Comments

Extras

Top Quizzes Today


Score Distribution

Your Account Isn't Verified!

In order to create a playlist on Sporcle, you need to verify the email address you used during registration. Go to your Sporcle Settings to finish the process.

Report this User

Report this user for behavior that violates our Community Guidelines.

Details: